000 00420nam a22001697a 4500
999 _c11271
_d11271
003 OSt
008 220608b ||||| |||| 00| 0 eng d
020 _a9789332570405
082 _a004.22 STC
100 _aSTALLINGS, William
245 _aComputer Organization and Architecture: Designing for Performance
250 _a10th
260 _aNoida
_bPearson
_c2020
300 _a857
650 _aCSE
942 _2ddc
_cBK